European Countries who are absent for Eurovision Song Contest 2026 - Statistics

General Stats
  • This quiz has been taken 68 times
  • The average score is 15 of 16
Answer Stats
Answer % Correct
Iceland
100%
Ireland
98%
Russia
98%
Slovenia
98%
Spain
98%
Andorra
96%
Belarus
96%
Monaco
96%
Netherlands
96%
Hungary
94%
North Macedonia
94%
Slovakia
94%
Bosnia and Herzegovina
89%
Liechtenstein
83%
Kosovo
74%
Vatican City
74%
No matching quizzes found
Score Distribution
Percent of People with Each Score
Percentile by Number Answered
Your Score History
You have not taken this quiz